Psicología de la creatividad /
| Autor principal: | |
|---|---|
| Format: | Llibre |
| Idioma: | espanyol |
| Publicat: |
España :
Paidós,
1997
|
| Matèries: |
MARC
| LEADER | 00000nam a2200000 4500 | ||
|---|---|---|---|
| 008 | 190715b1997 s ||||| |||| 00| | spa d | ||
| 999 | |c 3751 |d 3751 | ||
| 020 | |a 8449303575 | ||
| 090 | |a 05.01.01 |b 876 | ||
| 100 | |9 916 |a Romo Santos, Manuela | ||
| 245 | 1 | 0 | |a Psicología de la creatividad / |c Manuela Romo |
| 260 | |a España : |b Paidós, |c 1997 | ||
| 300 | |a 177 páginas | ||
| 650 | 1 | 4 | |9 657 |a PSICOLOGÍA |
| 650 | 1 | 4 | |9 861 |a CREATIVIDAD |
| 650 | 1 | 4 | |9 368 |a PENSAMIENTO |
| 942 | |i 001646 |h 05.01.01 876 |2 z |c 01 | ||
